| 000 | 00704nam a2200265 4500 | ||
|---|---|---|---|
| 999 |
_c5572 _d5572 |
||
| 001 | 5572 | ||
| 003 | BD-JhCC | ||
| 005 | 20191113134007.0 | ||
| 008 | 850613s b a a 000 0 eng | ||
| 020 | _a9848272313 | ||
| 035 | _a(BD-JhCC)1758 | ||
| 040 |
_aDLC/ICU _cICU _dDLC |
||
| 041 | _aeng | ||
| 050 | 0 | 0 |
_aQL362 _b.J65 |
| 082 |
_bSHA 1963 _a590 |
||
| 100 | 1 | _a Shaha, Meghnad | |
| 245 | 1 | 0 |
_aA textbook of Higher Secondary Zoology / _cMeghnad Shaha; Abu Sayed Biswas |
| 250 | _a[1st ed.]. | ||
| 260 |
_aDhaka, _bMullick Brother, _c1963. |
||
| 300 |
_a416 p.: _bill. ; _c28 cm. |
||
| 650 | 0 |
_aZoology. _xStudy and teaching |
|
| 700 | _aBiswas,Sayed, Abu | ||
| 942 |
_2ddc _cBK _02 |
||